Kaleidoscope: reader stage 4
Saved in:
| Format: | Book |
|---|---|
| Language: | English |
| Published: |
Hong Kong
Macmillan Education
1979
|
| Edition: | 1a. ed |
| Subjects: | |
| Tags: |
Add Tag
No Tags, Be the first to tag this record!
|
MARC
| LEADER | 00000nam a2200000 a 4500 | ||
|---|---|---|---|
| 001 | UCH7060 | ||
| 003 | CL-VaPUC | ||
| 008 | 091109e19790000CH |||||||||||||||||eng|d | ||
| 020 | |a 0333247221 | ||
| 082 | 0 | 4 | |a 428 |b KAL |2 21 |
| 245 | 1 | 0 | |a Kaleidoscope: reader stage 4 |
| 250 | |a 1a. ed | ||
| 300 | |a 32 p | ||
| 942 | |c BK | ||
| 945 | |d 20091109 00:00:00 |a ccalabra | ||
| 260 | |a Hong Kong |b Macmillan Education |c 1979 | ||
| 650 | 0 | |a Gramática inglesa |9 392981 | |
| 650 | 0 | |a Lingüística |9 265068 | |
| 650 | 0 | |a Comprensión de lectura |9 307588 | |
| 650 | 0 | |a Expresión oral |9 334815 | |
| 650 | 0 | |a Expresión escrita |9 334816 | |
| 650 | 0 | |a Aprendizaje de idiomas |9 454840 | |
| 583 | |a last modification |c 20091109 00:00:00 |k Rodrigo Vera | ||
| 999 | |c 337809 |d 337807 | ||